Deutsche Städte mit "D" - Statistiken

Allgemein
  • Dieses Quiz wurde 185 mal gespielt
  • Das Durchschnittsergebnis liegt bei 21 aus 68
Antwortstatistiken
Bundesland Stadt % Korrekt
Nordrhein-Westfalen Dortmund
89%
Nordrhein-Westfalen Düsseldorf
88%
Hessen Darmstadt
87%
Nordrhein-Westfalen Duisburg
86%
Sachsen Dresden
83%
Nordrhein-Westfalen Düren
72%
Nordrhein-Westfalen Dinslaken
70%
Sachsen-Anhalt Dessau-Roßlau
69%
Bayern Dachau
67%
Niedersachsen Delmenhorst
63%
Bayern Deggendorf
61%
Nordrhein-Westfalen Detmold
59%
Saarland Dillingen/Saar
58%
Nordrhein-Westfalen Dorsten
58%
Bayern Dillingen an der Donau
57%
Nordrhein-Westfalen Dormagen
53%
Nordrhein-Westfalen Datteln
50%
Bayern Dingolfing
50%
Nordrhein-Westfalen Dülmen
50%
Rheinland-Pfalz Dahn
48%
Sachsen Döbeln
43%
Rheinland-Pfalz Daun
39%
Sachsen Delitzsch
39%
Hessen Dieburg
39%
Bayern Donauwörth
37%
Nordrhein-Westfalen Delbrück
35%
Niedersachsen Diepholz
33%
Baden-Württemberg Donaueschingen
33%
Sachsen Dahlen
31%
Sachsen Dippoldiswalde
30%
Brandenburg Dahme/Mark
29%
Hessen Dreieich
29%
Niedersachsen Duderstadt
29%
Niedersachsen Damme
28%
Mecklenburg-Vorpommern Demmin
27%
Hessen Dillenburg
27%
Niedersachsen Dransfeld
26%
Mecklenburg-Vorpommern Dömitz
24%
Sachsen Dommitzsch
23%
Bayern Dinkelsbühl
20%
Sachsen Dohna
14%
Bayern Dietfurt an der Altmühl
13%
Niedersachsen Dissen am Teutoburger Wald
11%
Bayern Dorfen
11%
Hessen Dietzenbach
10%
Rheinland-Pfalz Diez
10%
Niedersachsen Dannenberg (Elbe)
7%
Baden-Württemberg Ditzingen
7%
Brandenburg Doberlug-Kirchhain
7%
Niedersachsen Dassel
6%
Rheinland-Pfalz Deidesheim
4%
Nordrhein-Westfalen Drolshagen
4%
Mecklenburg-Vorpommern Dassow
3%
Rheinland-Pfalz Dierdorf
3%
Thüringen Dingelstädt
3%
Niedersachsen Dinklage
3%
Nordrhein-Westfalen Drensteinfurt
3%
Rheinland-Pfalz Daaden
2%
Mecklenburg-Vorpommern Dargun
2%
Hessen Diemelstadt
2%
Brandenburg Döbern
2%
Thüringen Dornburg-Camburg
2%
Baden-Württemberg Dornstetten
2%
Bayern Dettelbach
1%
Baden-Württemberg Dietenheim
1%
Baden-Württemberg Dornhan
1%
Brandenburg Drebkau
1%
Baden-Württemberg Donzdorf
0%
Keine übereinstimmenden Quizze gefunden
Verteilung der Resultate
Anzahl Personen mit jedem Resultat
Perzentil nach korrekt beantworteten Fragen
Ihre Resultats-Entwicklung
Sie haben dieses Quiz noch nicht gespielt